000 00345cam a22001097a 4500
008 180718b--- xxu||||| |||| 00| 0 eng d
082 _aT068x54 In2
245 _aPilot enquiry on building construction--some results
_cby Cabinet Secretariat
260 _aNew Delhi
_bGovernment of India
_c---
300 _av.p.
700 _aIndia. Cabinet Secretariat
999 _c497178
_d497178